00611cam a22001937a 4500003000500000005001700005008004100022010001000063011001000073035001000083040000900093082001900102110006400121245011900185260003200304300002000336650002800356650003300384CHAP20220329142649.0020826d1963 es a r 00010 spa d a86170 a87142 a97684 cCHAP a636.0831bG73Y aGran Bretaña. Ministry of Agriculture, Fisheries and Food13aConstrucciones para las explotaciones porcinasc/ por Gran Bretaña . Ministry of Agriculture, Fisheries and Food aZaragoza :bAcribia,c1963. a111 p. ;bilus.14aConstrucciones rurales.14aGanado porcinoxAlojamiento.